000 00677nam a22002417a 4500
001 46446
003 UA-OsUOA
005 20231114164428.0
007 ta
008 20070616b un ||||| |||| 00| 0 ukr d
020 _a966-7048-71-3
040 _aUA-OsUOA
_bukr
_cUA-OsUOA
_dUA-OsUOA
041 _aukr
080 _a323:929(477)
090 _a323:929(477)
_bХ97
245 _aХто є хто в Україні
_cМарченко Ю., Телемко О.
260 _aК.
_bК. І. С.
_c2007
300 _a1136 с.
650 7 _a32 Політика
_2UDC
942 _cBK
_2udc
955 _a2
999 _c332541
_d332541